000
00298nam a22001337a 4500
008
170830b xxu||||| |||| 00| 0 eng d
020
_a
9780072416466
041
_a
eng
080
_2
5TH
_a
070
100
_a
40
101
_a
MED
245
_a
MASS MEDIA MAS CULTURE
_c
WILSON,J,.R
942
_2
udc
_c
BK
999
_c
25581
_d
25581